000
00275nam a2200109 a 4500
005
20140513081058.0
008
100908s19uu xx 00 eng d
050
_a
VCD
_b
My995
245
_a
My favorite nursery rhymes/.
650
_a
Nursery rhymes-collection.
999
_c
116640
_d
116640